000 00806cab a2200229 4500
001 WB3426-44
008 090401t1998 xxu||||| |||| 00| 0 eng d
035 _a(Sirsi) u87241
041 _aeng
245 _aFPDSavills in brand battle
260 _c1998
350 _a0
490 _aProperty Week
_v63(11) 3 July 1998, 2(1)
520 _aFPDSavills could lose up to a third of its European associates as more firms choose to break links with the company rather than change their names. FPDSavills decided to rebrand its partners following its own rebranding six months ago.
650 _aCOMPANY REBRANDING
650 _aFPDSAVILLS
650 _aREBRANDING
650 _aSURVEYING FIRMS
690 _aMANAGEMENT-BUSINESS MANAGEMENT-PROFESSIONAL PRACTICE
942 _n0
948 _c07/07/1998
999 _c55012
_d55012